| 000 | 00696nam a2200217 a 4500 | ||
|---|---|---|---|
| 001 | 3318360 | ||
| 003 | OSt | ||
| 005 | 20140131180748.0 | ||
| 008 | 840215s1985 cl a b f001 0 spa | ||
| 020 | _a958-600-008-7 | ||
| 040 |
_aDLC _cBMC |
||
| 082 | _a658.152 | ||
| 100 | 1 |
_aSapag Chain, Nassir _98561 |
|
| 245 | 1 | 0 |
_aFundamentos de preparación y evaluación de proyectos _cNassir Sapag Chain, Reinaldo Sapag Chain ; revisión técnica, Libardo Daza |
| 260 |
_aBogotá [etc.] _bMcGraw-Hill _c1985 |
||
| 300 |
_aXVIII, 438 p. _bil. _c23 cm |
||
| 650 | 2 | 4 |
_aEvaluación de proyectos _96014 |
| 700 | 1 | 0 |
_aSapag Chain, Reinaldo _98562 |
| 700 | 1 | 0 |
_aDaza M., Libardo Alberto _98605 |
| 942 |
_2ddc _cBK |
||
| 999 |
_c3754 _d3754 |
||